000 00619nam a2200229 a 4500
005 20210219152901.0
008 991125n 000 0 eng u
035 _aUPN01000065118
100 1 _aJervis, Kathe
222 _aHARVARD EDUCATIONAL REVIEW
245 _aA teachers quest for a child's questions
260 _aMassachusetts, EUA.
300 _a132-150
362 0 _a1986 Vol. 56, no. 2, may.
653 0 _aCOMPORTAMIENTO
653 0 _aINTERACCION MAESTRO-ALUMNO
653 0 _aNIÑOS
653 0 _aSALON DE CLASE
653 0 _aTECNICAS DE ENSEÑANZA
904 _aAC
_b002929
905 _aArticulo
999 _c62943
_d62943